000 00910nas a2200301 4500
001 BR2017002936
003 BR-BrBNA
005 20231205131123.0
007 ta
008 230509b bl.|||p| |||| 00| 00por d
040 _aBR-BrBNA
_bpor
_cBiblioteca Nacional de Agricultura
041 _a(Pt)
072 _aQ03; L70; L73
100 1 _aMagaço, F. dos S.
100 1 _aDuarte, E.R.
100 1 _aAlmeida, A.C. de
100 1 _aSouza, R.M. de
245 1 _aAspectos epidemiológicos e distribuição da cisticercose bovina: uma revisão
650 _aBOVINO
650 _aCARNE
650 _aCISTICERCOSE
650 _aDOENÇA ANIMAL
650 _aINSPEÇÃO SANITÁRIA
650 _aSEGURANÇA ALIMENTAR
773 0 _tHigiene Alimentar (Brazil)
_xISSN 0101-9171
_g(Sep-Oct 2017), v. 31(272-273) p. 19-26
_wBR2017002936
909 _a202311
_bLúcia
_c55
_dLúcia Elande
942 _2AGRIS
_n0
_cANA
999 _c253121
_d253121